Shortest Non-Name Type-ins - US State Capitals - Statistics

General Stats
  • This quiz has been taken 16 times
  • The average score is 14 of 25
Answer Stats
Capital # of letters # of type-ins Answers % Correct
Bismarck 7 1 bismark
82%
Columbia 8 1 colombia
82%
Columbus 8 1 colombus
82%
Frankfort 9 1 frankfurt
82%
Annapolis 8 20 anapalas | anapales | anapalis | anapalos | anapalus | anapelas | anapeles | anapelis | anapelos | anapelus | anapilas | anapiles | anapilis | anapilos | anapilus | anapolas | anapoles | anapolis | anapolos | anapolus
73%
Cheyenne 7 4 chayane | chayene | cheyane | cheyene
73%
Harrisburg 9 2 harisberg | harisburg
73%
Juneau 5 2 junau | juneu
73%
Oklahoma City 3 1 okc
73%
Albany 6 1 albeny
64%
Helena 6 1 helana
64%
Pierre 4 2 pere | pire
64%
Phoenix 6 4 phenex | phenix | phonex | phonix
64%
Salt Lake City 3 1 slc
64%
Saint Paul 6 1 stpaul
55%
Madison 7 2 madason | madeson
45%
Sacramento 10 3 sacremento | sacrimento | sacromento
45%
Tallahassee 9 3 talahasee | talehasee | talihasee
45%
Des Moines 7 2 damoins | demoins
36%
Jefferson City 8 1 jeffcity
36%
Montgomery 10 1 montgomary
36%
Providence 10 3 provadence | provedence | provodence
36%
Raleigh 6 2 ralegh | raligh
36%
Montpelier 10 3 montpeleir | montpileir | montpilier
27%
Indianapolis 9 18 indanapas | indanapes | indanapis | indanapls | indanapos | indanapus | indenapas | indenapes | indenapis | indenapls | indenapos | indenapus | indinapas | indinapes | indinapis | indinapls | indinapos | indinapus
9%
No matching quizzes found
Score Distribution
Percent of People with Each Score
Percentile by Number Answered
Your Score History
You have not taken this quiz